Responses for Show #7711 - Monday, March 5, 2018

Contestants

[<< previous game]

Jesse Darland, an editor from Charleston, South Carolina

Shari Post, a software engineer from Aurora, Colorado

Matt Lisiecki, an international development researcher from Brooklyn, New York (whose 1-day cash winnings total $14,950)

[next game >>]

Jeopardy! Round responses

SCIENCE
HOME FURNISHINGS
ODDS & ENDS
DITLOIDS
A MAN FOR 2 SEASONS
THOMAS LESS
    $200 7
carbon dioxide

Jesse
    $200 17
a sleigh bed

Jesse
    $200 10
Better Homes and Gardens

Matt
    $200 22
16 ounces in a pound

Shari
    $200 1
speeding bullet

Matt
    $200 4
Jesus

Matt
    $400 8
Newton

Jesse
    $400 18
(Matt: What is a cooling rack?)
(Jesse: What is a rack?)
...
(Alex: You had to be specific after Matt's incorrect response.)

a baker's rack

MattJesse
Triple Stumper
    $400 13
palazzo pants

Shari
    $400 23
30 pieces of silver

Matt
    $400 2
Michael Jordan

Matt
    $400 24
(Alex: Less than a minute now.)

Clarence Thomas

Matt
    $600 9
tetanus

Shari
    $600 19
a Persian rug

Matt
    $600 14
tulips

Matt
    $600 29
[The end-of-round signal sounds.]

12 signs of the zodiac

Shari
    $600 3
the Raiders

Shari
    $800 11
touch

Jesse
    $800 20
a valance

Jesse
    $800 15
hydrogen

Jesse
    $800 28
206 bones in the human body

Triple Stumper
    $800 5
the Celtics

Matt
    $800 26
Dylan Thomas

Jesse
    $1,400 12
(Alex: 50 after 10 years, 25 after 20.)

25 grams

Jesse
    $1000 21
a gramophone

Shari
    $1000 16
St. Andrew

Jesse
    $1000 27
One Day in the Life of Ivan Denisovich

Triple Stumper
    $1000 6
(Shari: Who is Chuck Connor?)

Chuck Connors

MattShari
    $1000 25
Henry VIII

Shari

Scores at the first commercial break (after clue 15):

Matt Shari Jesse
$3,400 $600 $3,600

Scores at the end of the Jeopardy! Round:

Matt Shari Jesse
$4,400 $3,400 $6,000

Double Jeopardy! Round responses

RIPPED FROM THE HEADLINES
AFRICAN CITIES
TRIPLE TALK SONG TITLES
TRANSPORTATION
FACTS ABOUT FICTION
YOU GET A "C"
    $400 11
the Titanic

Jesse
    $400 6
peace

Jesse
    $400 16
Genesis

Matt
    $400 18
chariots

Shari
    $400 1
Gettysburg

Shari
    $400 19
congestion

Jesse
    $800 12
Custer

Matt
    $800 7
seven

Matt
    $800 17
fun, fun, fun

Shari
    $800 28
(Matt: What is Uber?)

Lyft

MattJesse
    $800 2
The Maltese Falcon

Jesse
    $800 20
(Jesse: What is a caller?)

a town crier

ShariJesse
    $1200 13
habeas corpus

Matt
    $1200 8
Cairo

Matt
    $1200 24
(Matt: What is "The Girl Is Mine"?)

"Say Say Say"

Matt
Triple Stumper
    $1200 27
Santa Fe

Shari
    $1200 3
(Robert) Langdon

Shari
    $1200 21
conjugal

Matt
    $1600 14
(Matt: What are slaves?)

Sox

Matt
Triple Stumper
    $4,000 9
(Matt: What is Casablanca?)

Marrakech

Matt
    $1600 25
NSYNC

Jesse
    $1600 29
the Dart

Matt
    $1600 4
Nat Turner

Triple Stumper
    $1600 22
cordial

Shari
    $2000 15
Zachary Taylor

Matt
    $2000 10
Kenya

Triple Stumper
    $2000 26
Mötley Crüe

Matt
    $3,000 30
Delta

Matt
    $2000 5
(Andy) Weir

Matt
    $2000 23
capoeira

Matt

Scores at the end of the Double Jeopardy! Round:

Matt Shari Jesse
$15,000 $9,800 $9,600

[wagering suggestions for these scores]

Final Jeopardy! Round responses

OSCAR HISTORY
(Alex: And he was the main force behind one of the greatest films ever made.)
...
(Alex: [To Jesse] You were thinking of the movie Citizen Kane, I hope.)
JesseWho is Orson Welles
$9,599
ShariWho ?
$610
MattWho is Orson Welles?
$4,601
Orson Welles

Final scores:

Matt Shari Jesse
$19,601 $9,190 $19,199
2-day champion: $34,551 3rd place: $1,000 2nd place: $2,000

Game dynamics:

Coryat scores:

Matt Shari Jesse
$18,000 $9,800 $9,200
22 R
(including 1 DD),
5 W
(including 1 DD)
14 R,
1 W
15 R
(including 1 DD),
2 W

Combined Coryat: $37,000

[game clues] [game scores] [suggest correction]

Game tape date: 2017-12-06
The J! Archive is created by fans, for fans. Scraping, republication, monetization, and malicious use prohibited; this site may use cookies and collect identifying information. See terms. The Jeopardy! game show and all elements thereof, including but not limited to copyright and trademark thereto, are the property of Jeopardy Productions, Inc. and are protected under law. This website is not affiliated with, sponsored by, or operated by Jeopardy Productions, Inc. Join the discussion at JBoard.tv.